Länder Europas nach dem 2. Weltkrieg - Statistiken

Allgemein
  • Dieses Quiz wurde 28.671 mal gespielt
  • Das Durchschnittsergebnis liegt bei 30 aus 32
Antworten auf der Karte
Die Antworten werden auf der Karte rot bzw. grün angezeigt, abhängig davon wie oft sie richtig erraten wurden.
 
Antwortstatistiken
Antwort % Korrekt
Frankreich
99%
Italien
99%
Spanien
99%
Westdeutschland
99%
Belgien
98%
Finnland
98%
Irland
98%
Niederlande
98%
Norwegen
98%
Österreich
98%
Polen
98%
Portugal
98%
Schweden
98%
Schweiz
98%
Vereinigtes Königreich
98%
Dänemark
97%
Island
97%
Griechenland
96%
Luxemburg
95%
Ostdeutschland
95%
Liechtenstein
93%
Ungarn
93%
Andorra
92%
Sowjetunion
92%
Vatikanstadt
92%
Monaco
91%
Albanien
90%
Rumänien
90%
Bulgarien
89%
San Marino
89%
Jugoslawien
81%
Tschechoslowakei
80%
Keine übereinstimmenden Quizze gefunden
Verteilung der Resultate
Anzahl Personen mit jedem Resultat
Perzentil nach korrekt beantworteten Fragen
Ihre Resultats-Entwicklung
Sie haben dieses Quiz noch nicht gespielt